<?xml version="1.0" encoding="UTF-8"?>
<record
    xmlns:xsi="http://www.w3.org/2001/XMLSchema-instance"
    xsi:schemaLocation="http://www.loc.gov/MARC21/slim http://www.loc.gov/standards/marcxml/schema/MARC21slim.xsd"
    xmlns="http://www.loc.gov/MARC21/slim">

  <leader>01246nam a2200229 a 4500</leader>
  <controlfield tag="005">20141215162308.0</controlfield>
  <controlfield tag="008">140128b2006    ck ||||| |||| 00| 0 spa d</controlfield>
  <datafield tag="040" ind1=" " ind2=" ">
    <subfield code="c">CO-BoIH</subfield>
  </datafield>
  <datafield tag="041" ind1=" " ind2=" ">
    <subfield code="a">spa</subfield>
  </datafield>
  <datafield tag="044" ind1=" " ind2=" ">
    <subfield code="a">ck</subfield>
  </datafield>
  <datafield tag="090" ind1=" " ind2=" ">
    <subfield code="a">IAVH</subfield>
    <subfield code="b">00852</subfield>
  </datafield>
  <datafield tag="100" ind1=" " ind2=" ">
    <subfield code="a">Archila Monta&#xF1;ez, Sonia</subfield>
    <subfield code="9">5488</subfield>
  </datafield>
  <datafield tag="245" ind1=" " ind2=" ">
    <subfield code="a">Hornos, ollas y bosques. Transformaci&#xF3;n del paisaje por el uso de le&#xF1;a para producci&#xF3;n cer&#xE1;mica artesanal en R&#xE1;quira, Boyac&#xE1;</subfield>
  </datafield>
  <datafield tag="260" ind1=" " ind2=" ">
    <subfield code="a">Bogot&#xE1;</subfield>
    <subfield code="b">Instituto Alexander von Humboldt</subfield>
    <subfield code="c">2006</subfield>
  </datafield>
  <datafield tag="300" ind1=" " ind2=" ">
    <subfield code="a">102 p</subfield>
  </datafield>
  <datafield tag="520" ind1=" " ind2=" ">
    <subfield code="a">Esta investigaci&#xF3;n se enmarca en la tem&#xE1;tica de uso de los recursos y la transformaci&#xF3;n del paisaje de la regi&#xF3;n andina. Se estudia el recurso energ&#xE9;tico le&#xF1;a, su uso actual y su huella ecol&#xF3;gica rural y urbana. Desde una perspectiva hist&#xF3;rica, se aborda el uso de la le&#xF1;a en contextos dom&#xE9;sticos y de sistemas productivos, particularmente aquellos relacionados con la producci&#xF3;n artesanal de cer&#xE1;mica. Se pretende aportar informaci&#xF3;n para el dise&#xF1;o de propuestas de manejo de paisajes andinos que incorporen tendencias de largo plazo</subfield>
  </datafield>
  <datafield tag="650" ind1=" " ind2=" ">
    <subfield code="a">Le&#xF1;a</subfield>
    <subfield code="9">5489</subfield>
  </datafield>
  <datafield tag="650" ind1=" " ind2=" ">
    <subfield code="a">Transformaci&#xF3;n del paisaje</subfield>
    <subfield code="9">4561</subfield>
  </datafield>
  <datafield tag="662" ind1=" " ind2=" ">
    <subfield code="a">Colombia</subfield>
    <subfield code="c">Raquira</subfield>
    <subfield code="b">Boyac&#xE1;</subfield>
  </datafield>
  <datafield tag="942" ind1=" " ind2=" ">
    <subfield code="c">INFORME</subfield>
    <subfield code="2">z</subfield>
  </datafield>
  <datafield tag="945" ind1=" " ind2=" ">
    <subfield code="d">2008-06-25</subfield>
  </datafield>
  <datafield tag="999" ind1=" " ind2=" ">
    <subfield code="c">6350</subfield>
    <subfield code="d">6350</subfield>
  </datafield>
  <datafield tag="952" ind1=" " ind2=" ">
    <subfield code="0">0</subfield>
    <subfield code="1">0</subfield>
    <subfield code="2">z</subfield>
    <subfield code="4">0</subfield>
    <subfield code="7">0</subfield>
    <subfield code="8">HUMBOLDT</subfield>
    <subfield code="I">INV2017</subfield>
    <subfield code="a">Bogota</subfield>
    <subfield code="b">Bogota</subfield>
    <subfield code="d">2008-06-25</subfield>
    <subfield code="l">2</subfield>
    <subfield code="o">IAVH-00852</subfield>
    <subfield code="p">027490</subfield>
    <subfield code="r">2024-08-09 00:00:00</subfield>
    <subfield code="s">2018-10-30</subfield>
    <subfield code="t">Ej. 1</subfield>
    <subfield code="w">2012-12-04</subfield>
    <subfield code="x">Dep&#xF3;sito Institucional</subfield>
    <subfield code="y">INFORME</subfield>
  </datafield>
  <datafield tag="952" ind1=" " ind2=" ">
    <subfield code="0">0</subfield>
    <subfield code="1">0</subfield>
    <subfield code="2">z</subfield>
    <subfield code="4">0</subfield>
    <subfield code="7">0</subfield>
    <subfield code="8">MEDIOSM</subfield>
    <subfield code="a">Bogota</subfield>
    <subfield code="b">Bogota</subfield>
    <subfield code="d">2013-12-23</subfield>
    <subfield code="l">0</subfield>
    <subfield code="o">IAVH-00852</subfield>
    <subfield code="p">026090</subfield>
    <subfield code="r">2013-12-23 00:00:00</subfield>
    <subfield code="t">Ej. 2</subfield>
    <subfield code="w">2013-12-23</subfield>
    <subfield code="x">Original</subfield>
    <subfield code="y">CD-ROM</subfield>
  </datafield>
</record>
